Los protectores de naturales en la Audiencia de Quito : (Registro nro. 515)

000 -CABECERA
campo de control de longitud fija 01635cam a2200301 a 4500
001 - NÚMERO DE CONTROL
campo de control 2058317
003 - IDENTIFICADOR DEL NÚMERO DE CONTROL
campo de control OSt
005 - FECHA Y HORA DE LA ÚLTIMA TRANSACCIÓN
campo de control 20210227162534.0
008 - DATOS DE LONGITUD FIJA--INFORMACIÓN GENERAL
campo de control de longitud fija 930527s1992 ec ab b 000 0 spa
020 ## - NÚMERO INTERNACIONAL ESTÁNDAR DEL LIBRO
Número Internacional Estándar del Libro 9978670203
020 ## - NÚMERO INTERNACIONAL ESTÁNDAR DEL LIBRO
Número Internacional Estándar del Libro 9978670017 (colección)
040 ## - FUENTE DE LA CATALOGACIÓN
Centro catalogador/agencia de origen CENDOC CAAAP
Centro/agencia transcriptor CAAAP
Lengua de catalogación spa
050 ## - SIGNATURA TOPOGRÁFICA DE LA BIBLIOTECA DEL CONGRESO
Número de clasificación FN
Número de documento/Ítem 47 B72
100 ## - ENTRADA PRINCIPAL--NOMBRE DE PERSONA
Nombre de persona Bonnett Vélez, Diana
9 (RLIN) 1310
245 14 - MENCIÓN DE TÍTULO
Título Los protectores de naturales en la Audiencia de Quito :
Resto del título siglos XVII y XVIII /
Mención de responsabilidad, etc. Diana Bonnett V.
250 ## - MENCIÓN DE EDICIÓN
Mención de edición 1ra. ed.
260 ## - PUBLICACIÓN, DISTRIBUCIÓN, ETC.
Lugar de publicación, distribución, etc. Quito, Ecuador :
Nombre del editor, distribuidor, etc. Facultad Latinoamericana de Ciencias Sociales, Sede Ecuador,
Fecha de publicación, distribución, etc. 1992.
300 ## - DESCRIPCIÓN FÍSICA
Extensión 153 p. :
Otras características físicas il., mapas ;
Dimensiones 22 cm.
490 1# - MENCIÓN DE SERIE
Mención de serie Colección Tesis. Historia
504 ## - NOTA DE BIBLIOGRAFÍA, ETC.
Nota de bibliografía, etc. Incluye referencias bibliográficas.
505 ## - NOTA DE CONTENIDO CON FORMATO
Nota de contenido con formato El protector de naturales en la audiencia de Quito: planteamiento del problema, estado de la cuestión, antecedentes y funcionamiento de la institución -- Estructura jurídica de la colonia : participación de las autoridades locales en los conflictos de indios -- Los protectores de naturales frente a la problemática indígena : los conflictos por tierra -- Conflíctos por imposiciones tributarias -- Abusos de autoridades, conflictos en obrajes y otras causas.
650 #0 - PUNTO DE ACCESO ADICIONAL DE MATERIA--TÉRMINO DE MATERIA
Término de materia o nombre geográfico como elemento de entrada Indians of South America
Subdivisión geográfica Ecuador
Subdivisión general Government relations.
650 #0 - PUNTO DE ACCESO ADICIONAL DE MATERIA--TÉRMINO DE MATERIA
Término de materia o nombre geográfico como elemento de entrada Indígenas de América del Sur
Subdivisión geográfica Ecuador
Subdivisión general Relaciones gubernamentales
9 (RLIN) 837
650 #0 - PUNTO DE ACCESO ADICIONAL DE MATERIA--TÉRMINO DE MATERIA
Término de materia o nombre geográfico como elemento de entrada Indians of South America
Subdivisión geográfica Ecuador
Subdivisión general Legal status, laws, etc.
650 #0 - PUNTO DE ACCESO ADICIONAL DE MATERIA--TÉRMINO DE MATERIA
Término de materia o nombre geográfico como elemento de entrada Indígenas de América del Sur
Subdivisión geográfica Ecuador
Subdivisión general Legislación
9 (RLIN) 1311
830 #0 - PUNTO DE ACCESO ADICIONAL DE SERIE-TÍTULO UNIFORME
Título uniforme Colección Tesis (FLACSO (Organization). Sede Ecuador).
Nombre de parte o sección de la obra Historia.
942 ## - ELEMENTOS DE PUNTO DE ACCESO ADICIONAL (KOHA)
Fuente del sistema de clasificación o colocación
Tipo de ítem Koha Libros
Existencias
Estado de retiro Estado de pérdida Fuente del sistema de clasificación o colocación Estado dañado No para préstamo Localización permanente Ubicación/localización actual Ubicación en estantería Fecha de adquisición Total de préstamos Signatura topográfica completa Fecha visto por última vez Precio válido a partir de Tipo de ítem Koha
          CENTRO DE DOCUMENTACIÓN (CENDOC) CENTRO DE DOCUMENTACIÓN (CENDOC)   02/27/2021   FN 47 B72 02/27/2021 02/27/2021 Libros
Centro de Documentación CAAAP | AV. Manuel González Prada 626, Magdalena del Mar | (51-1) 4615223 Anexo 205 y 209 | cendoc@caaap.org.pe